| 000 | 01172nam a22003738i 4500 | ||
|---|---|---|---|
| 001 | 015720498 | ||
| 003 | EG-ScBUE | ||
| 005 | 20230119093115.0 | ||
| 008 | 101214t2012 at a f d 001 0 eng d | ||
| 020 | _a9781111307721 (pbk.) | ||
| 020 | _a1111307725 (pbk.) | ||
| 040 |
_aStDuBDS _beng _erda _cStDuBDS _dEG-ScBUE |
||
| 082 | 0 | 4 |
_a771 _222 _bSTE |
| 100 | 1 |
_aStern, Katie, _eauthor. _937024 |
|
| 245 | 1 | 0 |
_aPhoto 1 / _cKatie Stern. |
| 246 | 3 | 4 |
_aPhoto 1 : _ban introduction to the art of photography |
| 246 | 3 | _aPhoto one | |
| 250 | _aInternational edition. | ||
| 264 | 1 |
_a[Canberra] : _bDelmar Cengage Learning, _c[2012] |
|
| 264 | 4 | _cc2012 | |
| 300 |
_axix, 477 pages : _bcolor illustrations ; _c28 cm. |
||
| 336 |
_2rdacontent _atext _btxt |
||
| 337 |
_2rdamedia _aunmediated _bn |
||
| 338 |
_2rdacarrier _avolume _bnc |
||
| 490 | 0 | _aMedia arts & design | |
| 500 | _aIncludes appendixes. | ||
| 500 | _aIncludes glossary. | ||
| 500 | _aIncludes index. | ||
| 630 | 0 | 7 |
_aAdobe Photoshop. _2BUEsh _937025 |
| 650 | 7 |
_aPhotography _xDigital techniques. _2BUEsh _937027 |
|
| 653 |
_bCOMAME _cDecember2014 |
||
| 655 | _vReading book | ||
| 942 |
_2ddc _k771 STE _cBB |
||
| 999 |
_c18816 _d18788 |
||